000 00593nam a22001697a 4500
003 OSt
005 20241016132917.0
008 241016b |||||||| |||| 00| 0 eng d
040 _c0
082 _aDPer050 M72 January-March 2018 v. 66 no. 8-10
100 _a Mabazza, Melinda C.
_eauthor.
_963028
245 _aSscs caters to children with special needs (csns) /
_cMelinda C. Mabazza.
260 _aManila, Philippines ;
_bIn the Grade School, Inc,
_cFebruary 2018.
300 _aVolume 66,pages 327,328 ,
_billustration.
700 _a Mabazza, Melinda C.
_eauthor.
_963028
942 _2ddc
_cPER
999 _c22604
_d22604